| 000 | 00520nam a2200181Ia 4500 | ||
|---|---|---|---|
| 005 | 20250317123416.0 | ||
| 008 | 008 250317s9999 xx 000 0 eng d | ||
| 037 | _aTextbook | ||
| 040 |
_aFMSL _beng _cFMSL |
||
| 041 |
_aeng _2eng |
||
| 084 |
_aBobX L2 _qFMSL |
||
| 100 |
_aBowen E K _9735437 |
||
| 245 | 0 | _aMathematics with applications management & economics | |
| 260 |
_aLondon _bLondon, Eichard D Irwin _c1972 |
||
| 300 | _a687p | ||
| 942 |
_cTB _hBobX L2 |
||
| 999 |
_c1251133 _d1251133 |
||